000
00189nam a2200073Ia 4500
008
170523s9999 xx 000 0 und d
100
_a
Bali- S.P.
245
0
_a
2000 Solved Problems in Digital Electronics
260
_a
T.M.H.
999
_c
12158
_d
12158